Chémia a technológie pre život 17. celoslovenská študentská vedecká konferencia

Podrobná bibliografia
Korporácia: Slovenská technická univerzita v Bratislave. Fakulta chemickej a potravinárskej technológie. Študentská vedecká konferencia (Autor), Slovenská technická univerzita v Bratislave. Fakulta chemickej a potravinárskej technológie
Ďalší autori: Bakošová, Monika, 1958- (Editor), Horňáček, Michal, Ing., PhD (Editor), Oravec, Juraj, 1987- (Editor)
Médium: Program E-kniha
Jazyk:slovenčina
angličtina
čeština
Fyzický popis:1 elektronický optický disk (CD-ROM) fareb. 12 cm
Vydavateľské údaje: Bratislava Nakladateľstvo STU 2015
ISBN:9788022744805 (elektronická kniha)
Predmet:

MARC

LEADER 00000cam a2200000 a 4500
001 vtls011472566
003 SK-MaSNL
005 20260302014158.0
007 co cg auuua
008 160215s2015 xo fs 101 0 slo
015 |a SNBS2017 
020 |a 9788022744805 (elektronická kniha) 
040 |a SNK  |b slo  |c SNK  |e AACR2 
041 0 |a slo  |a eng  |a cze 
044 |a xo  |c SK 
072 7 |a 66  |x Chemický priemysel. Chemická technológia  |2 konspekt 
080 |a 66  |2 2011 
080 |a 54  |2 2011 
080 |a 001.126-029:6  |2 2011 
080 |a (0.034.44)  |2 2011 
080 |a (062.534)  |2 2011 
080 |a (079)37.091.27  |2 2011 
110 2 |a Slovenská technická univerzita v Bratislave.  |b Fakulta chemickej a potravinárskej technológie.  |b Študentská vedecká konferencia  |n (17. :  |d 2015 :  |c Bratislava, Slovensko)  |4 aut  |9 165594 
245 1 0 |a Chémia a technológie pre život  |h elektronický zdroj  |b 17. celoslovenská študentská vedecká konferencia  |c editori: Monika Bakošová, Michal Horňáček, Juraj Oravec 
260 |a Bratislava  |b Nakladateľstvo STU  |c 2015 
300 |a 1 elektronický optický disk (CD-ROM)  |b fareb.  |c 12 cm 
500 |a Názov z titulnej obrazovky 
500 |a Nad názvom: Slovenská technická univerzita v Bratislave, Fakulta chemickej a potravinárskej technológie 
504 |a Bibliogr. odkazy a pozn. ; reg. 
516 |a Textový dokument (zborník), súbor vo formáte pdf 
538 |a Technické požiadavky: PDF prehliadač 
546 |a Text čiast. angl. a čes. 
650 0 7 |a chémia  |2 SNKPH  |9 749 
650 0 7 |a technológia  |2 SNKPH  |9 66619 
650 0 7 |a Chemistry  |2 SNKPHeng  |9 265248 
650 0 7 |a Technology  |2 SNKPHeng  |9 266383 
655 7 |a elektronické zdroje  |2 SNKPH  |9 90954 
655 7 |a CD-ROM  |2 SNKPH  |9 70236 
655 7 |a zborníky konferencií  |2 SNKPH  |9 70153 
655 7 |a študentské práce  |2 SNKPH  |9 119560 
655 7 |a Electronic resources  |2 SNKPHeng  |9 175546 
655 7 |a Proceedings of conferences  |2 SNKPHeng  |9 265791 
655 7 |a Student theses  |2 SNKPHeng  |9 265359 
700 1 |a Bakošová, Monika,  |d 1958-  |4 edt  |9 216213 
700 1 |a Horňáček, Michal,  |c Ing., PhD.  |4 edt  |9 434467 
700 1 |a Oravec, Juraj,  |d 1987-  |4 edt  |9 204618 
710 |a Slovenská technická univerzita v Bratislave.  |b Fakulta chemickej a potravinárskej technológie  |9 176038 
852 |a Štátna vedecká knižnica v Banskej Bystrici 
919 |a 978-80-227-4480-5 
958 |a NB 
999 |c 1015939  |d 1017869 
952 |a SNK  |b SNK  |y PREZ  |7 0  |p 17A1179119  |o snkSCDM 8076  |i snk2016/3848  |8 0  |0 0  |1 0  |4 0  |d 2016-02-15  |l 0  |r 2026-02-24 13:07:56  |w 2026-02-24 
952 |t snkCHE 54  |a SNKMST  |b SNKMST  |y PREZ  |7 0  |p 17A1179120  |o snkSCDM 8076 D1  |i snk2016/3850  |8 0  |0 0  |1 0  |4 0  |d 2016-02-15  |l 0  |r 2025-08-11 00:00:00  |w 2026-02-24